An introduction to rubber technology (Record no. 41699)
[ view plain ]
| 000 -LEADER | |
|---|---|
| fixed length control field | 00512nam a2200193Ia 4500 |
| 082 ## - DEWEY DECIMAL CLASSIFICATION NUMBER | |
| Classification number | NR:62 |
| Item number | CIE |
| 100 ## - MAIN ENTRY--AUTHOR NAME | |
| Personal name | Ciesielski, Andrew |
| 245 #3 - TITLE STATEMENT | |
| Title | An introduction to rubber technology |
| 260 ## - PUBLICATION, DISTRIBUTION, ETC. (IMPRINT) | |
| Place of publication | Shawbury |
| Name of publisher | Rapra Technology |
| Year of publication | 1999 |
| 650 ## - SUBJECT ADDED ENTRY--TOPICAL TERM | |
| Topical Term | Accelerators |
| 650 ## - SUBJECT ADDED ENTRY--TOPICAL TERM | |
| Topical Term | Antioxidants |
| 650 ## - SUBJECT ADDED ENTRY--TOPICAL TERM | |
| Topical Term | Calenders |
| 650 ## - SUBJECT ADDED ENTRY--TOPICAL TERM | |
| Topical Term | Castable polyurethanes |
| 650 ## - SUBJECT ADDED ENTRY--TOPICAL TERM | |
| Topical Term | Plasticizers |
| 650 ## - SUBJECT ADDED ENTRY--TOPICAL TERM | |
| Topical Term | Sulfur vulcanization |
| 650 ## - SUBJECT ADDED ENTRY--TOPICAL TERM | |
| Topical Term | Viscoelasticity |
| 942 ## - ADDED ENTRY ELEMENTS (KOHA) | |
| Koha item type | Books |
| Withdrawn status | Lost status | Damaged status | Not for loan | Home library | Current library | Date acquired | Cost, normal purchase price | Full call number | Accession Number | Koha item type |
|---|---|---|---|---|---|---|---|---|---|---|
| RRII Library | RRII Library | 16/12/2021 | 80.00 | NR:62 CIE | 21985 | Books |